000
00307nam a22001337a 4500
008
180809b xxu||||| |||| 00| 0 eng d
020
_a
0815154755
041
_a
eng
080
_a
616.053
100
_a
7
101
_a
KAR
245
_a
Psysiology of the heart& circulation
_c
Little.R.C
942
_2
udc
_c
BK
999
_c
46960
_d
46960